Country Flags - Easy - Statistics

General Stats
  • This quiz has been taken 104 times
  • The average score is 15 of 16
Answer Stats
Picture Answer % Correct
United States
100%
Australia
99%
Canada
99%
China
99%
Germany
99%
Italy
99%
Japan
99%
United Kingdom
99%
France
98%
Greece
96%
South Korea
96%
Mexico
95%
Ukraine
95%
India
94%
Russia
93%
Colombia
74%
No matching quizzes found
Score Distribution
Percent of People with Each Score
Percentile by Number Answered
Your Score History
You have not taken this quiz